000 01835cam a22004454i 4500
003 PE-LiUPU
005 20250731165430.0
008 160216s1995 pe grm 000 0 spa d
035 _a(Sirsi) a156144
040 _aPE-LiUPU
_bspa
_cPE-LiUPU
_erda
099 _aTE 2
_bH44 1995
100 1 _aHerrera Vásquez, Carmen
_eautor
245 1 3 _aLa actividad agrícola y el léxico de los alumnos de Secundaria de la Cooperativa Tumán /
_Carmen Herrera Vásquez.
264 0 _c1995.
300 _a168 hojas
_c30 cm
336 _atext
_2rdacontent
337 _aunmediated
_2rdamedia
338 _avolume
_2rdacarrier
502 _aTesis
_b(Lic.) --
_cUniversidad Peruana Unión,
_d1995.
504 _aIncluye referencias
520 3 _aEl primer capitulo de esta investigación tiene como propósito describir las pautas generales que dieron inicio al estudio de investigación. Cada segmento de este capitulo indica detalladamente y sintéticamente el planteamiento del objeto de estudio, la justificación del trabajo, los objetivos trazados y también las limitaciones encontradas, las cuales son propias de toda investigación. Esperamos que todos los puntos desarrollados sean claros, específicos y benéficos, para todo aquel interesado en estudios lingüísticos.
526 _aSEG44
526 _aSEG26
526 _aP151
526 _aP150
526 _aP149
526 _aP146
526 _aP145
526 _aP126
526 _aP125
526 _aP92
526 _aP75
526 _aP74
526 _aP27
526 _aP15
650 0 4 _aAgricultura
_cLéxico
_xEstudiantes de secundaria.
596 _a1
942 _2ddc
_cTESIS
999 _aTE 2 H44 1995
_wALPHANUM
_c8826
_iT00151
_lCCODEBUL3
_mBUL
_r1
_sY
_tTESIS
_u2016-2-16
_xEDUCACION
_PP14
_o.STAFF. Tesis
_d8826
980 _81
_gALBERTO SANCHEZ Responsable de Automatización